Κατάλογος Βιβλιοθηκών Mediterranean College

ΤΟ ΙΧΝΟΓΡΑΦΗΜΑ ΤΟΥ ΠΑΙΔΙΟΥ (Record no. 7545)

MARC details
000 -LEADER
fixed length control field 01014cam a22002174a 4500
005 - ΗΜΕΡΟΜΗΝΙΑ ΚΑΙ ΩΡΑ ΤΕΛΕΥΤΑΙΑΣ ΕΝΗΜΕΡΩΣΗΣ
Πεδίο ελέγχου 20250605163610.0
008 - FIXED-LENGTH DATA ELEMENTS--GENERAL INFORMATION
Πεδίο ελέγχου σταθερού μήκους 250528s ||||||||||||||||||||||||d
035 ## - SYSTEM CONTROL NUMBER
System control number 22493
020 ## - ISBN
ISBN 9789603930228
040 ## - ΠΗΓΗ ΚΑΤΑΛΟΓΟΓΡΑΦΗΣΗΣ
Φορέας πρωτότυπης καταλογογράφησης MC Athens Campus Library
Γλώσσα καταλογογράφησης Ελληνικά, Μοντέρνα (1453-)
Modifying agency MC Athens Campus Library
Κανόνες περιγραφικής καταλογογράφησης AACR2
245 1# - ΤΙΤΛΟΣ ΚΑΙ ΔΗΛΩΣΗ ΥΠΕΥΘΥΝΟΤΗΤΑΣ
Τίτλος ΤΟ ΙΧΝΟΓΡΑΦΗΜΑ ΤΟΥ ΠΑΙΔΙΟΥ
250 ## - EDITION STATEMENT
Edition statement 1
260 ## - PUBLICATION, DISTRIBUTION, ETC.
Name of publisher, distributor, etc. Ελληνικά Γράμματα,
Date of publication, distribution, etc. 2000
300 ## - PHYSICAL DESCRIPTION
Extent 183
505 0# - FORMATTED CONTENTS NOTE
Formatted contents note ΓΕΝΙΚΟ ΕΝΝΟΙΟΛΟΓΙΚΟ ΠΛΑΙΣΙΟ Η ΕΝΟΤΗΤΑ ΑΝΘΡΩΠΟΣ Η ΕΝΟΤΗΤΑ ΦΥΣΗ Η ΕΡΜΗΝΕΙΑ ΤΑ ΔΙΑΓΝΩΣΤΙΚΑ ΙΧΝΟΓΡΑΦΙΚΑ ΜΕΣΑ ΒΑΣΙΚΕΣ ΣΥΓΚΡΙΣΕΙΣ
520 ## - SUMMARY, ETC.
Summary, etc. ΓΕΝΙΚΟ ΕΝΝΟΙΟΛΟΓΙΚΟ ΠΛΑΙΣΙΟ Η ΕΝΟΤΗΤΑ ΑΝΘΡΩΠΟΣ Η ΕΝΟΤΗΤΑ ΦΥΣΗ Η ΕΡΜΗΝΕΙΑ ΤΑ ΔΙΑΓΝΩΣΤΙΚΑ ΙΧΝΟΓΡΑΦΙΚΑ ΜΕΣΑ ΒΑΣΙΚΕΣ ΣΥΓΚΡΙΣΕΙΣ
700 1# - ΠΡΟΣΘΕΤΗ ΑΝΑΓΡΑΦΗ--ΦΥΣΙΚΟ ΠΡΟΣΩΠΟ
Personal name Μπελλας Θρασυβουλος
942 ## - ADDED ENTRY ELEMENTS (KOHA)
Koha item type Books
Holdings
Τύπος τεκμηρίου Βιβλιοθήκη Τρέχουσα τοποθεσία Barcode Αριθμός εισαγωγής Ημερομηνία απόκτησης Ταξιθετικό σύμβολο Αριθμός αντιτύπου Κατάσταση απόσυρσης Κατάσταση χαμένου Κατάσταση κατεστραμμένου Μη δανεισμός Σύνολο δανεισμών Ημερομηνία τελευταίας εμφάνισης Η τιμή ισχύει από
Books MC Thessaloniki Campus Library MC Thessaloniki Campus Library 9780000075444 182 05/06/2025 155.4133 ΜΠΕ 1           05/06/2025 05/06/2025

MC Athens Campus Library
Πατησίων 94 & Κοδριγκτώνος 13, 104 34
Πελλήνης 8 & Πατησίων 107, 112 51
Τ: +30 210 8899600

MC Thessaloniki Campus Library
Ίωνος Δραγούμη 21, 54625 | Ίωνος Δραγούμη 15, 54625
Τ: +30 2310 287779 – Τ: +30 2314 440300